00588nam a2200169Ia 4500008004100000020001500041041001200056082001600068100001400084245006600098260003700164300000800201650002100209942000700230999001500237952016600252221030s9999 xx 000 0 und d a8177000055 aEnglish a105.23bSha aA. Sharma 0aAudio Video & T.V. Engineering ( DEPARTMENTAL )cby A. Sharma bDhanpat Rai PubaNew Delhic2000 a526 aECE Departmental cBK c1127d1127 pBE 2770g80.00l0o105.23 Shar2022-10-30 00:00:00w2022-10-30yBK003Print4070aMIETLIBbMIETLIBcBL-Departmental, FL-1, CUP-15, SH-5, R-5d2001-03-1010HBE